Disney Characters that Start with D - Statistics

General Stats
  • This quiz has been taken 124 times
  • The average score is 8 of 16
Answer Stats
Picture Answer % Correct
Donald Duck
100%
Dumbo
100%
Daisy Duck
95%
Dory
90%
Doc
78%
Dopey
76%
Dale
70%
Dug
53%
Duchess
47%
Darla
40%
Darkwing Duck
38%
Dash Parr
25%
Diablo
14%
Duke Caboom
14%
Django
6%
Dr. Falicier
1%
No matching quizzes found
Score Distribution
Percent of People with Each Score
Percentile by Number Answered
Your Score History
You have not taken this quiz